• 首页
  • 本馆介绍
  • 公告通知
  • 最新文献
  • 馆藏检索
  • 电子资源
  • 读者导购
  • 参考咨询
  • 我的图书馆
  • 登录
  • 详细信息显示
  • 放入我的书架
  • 预约/预借图书
  • 作者相关作品
  • 分类相关作品
  • 丛书相关作品
  • 出版社相关作品

书目信息

  • 表格格式
  • 工作单格式
  • 卡片格式
题名:
看不见的礼物
    
 
作者: 秦裕权 著
分册:  
出版信息: 北京   中国少年儿童出版社  1982
页数: 130页
开本: 19cm
丛书名:
单 册:
中图分类: I287.6
科图分类:
主题词: 儿童文学-散文--中国--现代 , 散文-儿童文学--中国--现代
电子资源:
ISBN:
000 00682nam0 2200253 45
001 0182002648
005 20040408153506.3
010    @dCNY0.30
091    @aR10056.547
100    @a19950410d1982 cemy0chiy0121 ea
101 0  @achi
102    @aCN@b110000
105    @af z 000cy
106    @ar
200 10 @a看不见的礼物@Akan bu jian de li wu@f秦裕权著
210    @a北京@c中国少年儿童出版社@d1982
215    @a130页@c插图@d19cm
606    @a儿童文学-散文@y中国@z现代
606    @a散文-儿童文学@y中国@z现代
690    @aI287.6@v3
701  0 @a秦裕权@Aqin yu quan@4著
801  0 @aCN@b上海图书馆@c20040408
801  2 @aCN@bNLC@c20040408
905    @f1@b90124@dI287.6@e105
    
    看不见的礼物/秦裕权著.-北京:中国少年儿童出版社,1982
    130页:插图;19cm
    
    
    ISBN :CNY0.30
    
●
相关链接 在E读中查询图书 在五车中查询图书 在当当中查询图书 在豆瓣中查询图书


正题名:看不见的礼物     索取号:I287.6/105         预约/预借

序号 登录号 条形码 馆藏地/架位号 状态 备注
1 0090124   000891244   第二借阅区/ [索取号:I287.6/105] 在馆    
2 0090126   000893698   第一样本阅览室/ [索取号:I287.6/105] 在馆    
唐山师范学院图书馆 欢迎您!
大连网信软件有限公司© 版权所有